000 00466nam a2200169Ia 4500
008 231217s9999 xx 000 0 und d
041 _aEnglish
082 _a025 TAY;1 R
100 _aTaylor, Arlene G
245 0 _aOrganization of information
250 _a2nd ed.
260 _c2004
_bLibraries Unlimited
_aConnecticut
300 _axxvii+417
400 _aLibrary and information science text series
650 _aOrganization,information
942 _cAA
999 _c173882
_d173882